| 000 | 00642nam a22002057a 4500 | ||
|---|---|---|---|
| 003 | OSt | ||
| 005 | 20260428023218.0 | ||
| 008 | 260428b |||||||| |||| 00| 0 eng d | ||
| 020 | _a9781741219432 | ||
| 040 |
_aDWCL-Main Lib _cOC |
||
| 082 | _aCirc. 641.83 Es78 2008 | ||
| 245 | _aEssential cooking series : salads and greens / | ||
| 260 |
_aAustralia : _bWS Pacific Publications, _cc2008. |
||
| 300 |
_a63 pages : _bcolor illustrations ; _c21 cm. |
||
| 490 | _aEssential Cooking Series. | ||
| 504 | _aIncludes glossary and index. | ||
| 650 | _aCooking - Salads. | ||
| 700 |
_aArgyriou, Ellen _eEditor |
||
| 942 |
_2ddc _cBK-CIRC _mCirc. _n0 |
||
| 999 |
_c9992 _d9992 |
||